[Event "Sachsen-ch U08"]
[Site "Sebnitz"]
[Date "2011.04.30"]
[Round "7"]
[White "Schoene, Navin"]
[Black "Mueller, Richard1111"]
[Result "1-0"]
[WhiteElo "796"]
[BlackElo "737"]
[PlyCount "41"]
[EventDate "2011.04.26"]
[EventType "swiss"]
[EventRounds "7"]
[EventCountry "GER"]
[SourceTitle "EXT 2012"]
[Source "ChessBase"]
[SourceDate "2011.11.24"]
[SourceVersion "1"]
[SourceVersionDate "2011.11.24"]
[SourceQuality "1"]

1. e4 e5 2. Nf3 Nc6 3. Bc4 Nf6 4. Nc3 Bc5 5. d3 0-0 6. Bg5 h6 7. Bh4 d6 8. Nd5 Nxd5 9. Bxd8 Rxd8 10. Bxd5 Nb4 11. Bc4 Rf8 12. a3 Nc6 13. Nh4 Bd7 14. Qf3 Be8 15. Nf5 Rd8 16. Qg3 g6 17. Nxh6+ Kg7 18. Ng4 Ne7 19. Qh3 Rh8 20. Qf3 Bd7 21. Qxf7# 1-0

[Event "Sachsen-ch U08"]
[Site "Sebnitz"]
[Date "2011.04.29"]
[Round "5"]
[White "Schoene, Navin"]
[Black "Stareprawo, Felix"]
[Result "0-1"]
[WhiteElo "796"]
[BlackElo "756"]
[PlyCount "52"]
[EventDate "2011.04.26"]
[EventType "swiss"]
[EventRounds "7"]
[EventCountry "GER"]
[SourceTitle "EXT 2012"]
[Source "ChessBase"]
[SourceDate "2011.11.24"]
[SourceVersion "1"]
[SourceVersionDate "2011.11.24"]
[SourceQuality "1"]

1. e4 e5 2. Nf3 Nc6 3. Bc4 h6 4. Nc3 Nf6 5. d3 Bc5 6. Be3 Bxe3 7. fxe3 0-0 8. Nh4 d6 9. Nf5 Kh8 10. Qf3 Nb4 11. 0-0-0 Bd7 12. Qg3 Rg8 13. Bxf7 Qf8 14. Qg6 Ne8 15. Nxh6 Be6 16. Nxg8 Bxf7 17. Qg5 Kxg8 18. Rdf1 Nf6 19. Rxf6 Kh8 20. Qh4+ Kg8 21. Rhf1 gxf6 22. Qg4+ Qg7 23. Qd7 Be8 24. Qe6+ Bf7 25. Qd7 Qxg2 26. Rxf6 Qxc2# 0-1

[Event "Sachsen-ch U08"]
[Site "Sebnitz"]
[Date "2011.04.28"]
[Round "4"]
[White "Schubert, Christoph"]
[Black "Schoene, Navin"]
[Result "0-1"]
[WhiteElo "877"]
[BlackElo "796"]
[PlyCount "52"]
[EventDate "2011.04.26"]
[EventType "swiss"]
[EventRounds "7"]
[EventCountry "GER"]
[SourceTitle "EXT 2012"]
[Source "ChessBase"]
[SourceDate "2011.11.24"]
[SourceVersion "1"]
[SourceVersionDate "2011.11.24"]
[SourceQuality "1"]

1. e4 e5 2. Nf3 Nc6 3. Nc3 Bc5 4. Bb5 Nf6 5. d3 d6 6. h3 Be6 7. Qe2 a6 8. Bxc6+ bxc6 9. Be3 Ba7 10. 0-0-0 Qb8 11. Ng5 0-0 12. Nxe6 fxe6 13. Bg5 Qb7 14. Bxf6 Rxf6 15. Qh5 Raf8 16. f3 Be3+ 17. Kb1 Rb8 18. b3 Qb4 19. Kb2 Bd4 20. Kc1 Be3+ 21. Kb1 Qxc3 22. Rde1 Bd4 23. Kc1 Qa1+ 24. Kd2 Qc3+ 25. Ke2 Qxc2+ 26. Kf1 Qf2# 0-1